000
00319nam a2200133Ia 4500
008
170620s9999 xx 000 0 und d
020
_a
9.78933E+12
100
_a
TORTORA-GERARD J
245
0
_a
MICROBIOLOGY AN INTRODUCTION
260
_b
PEARSON
260
_c
2016
300
_a
975
546
_a
English
690
_a
MICROBIOLOGY AN INTRODUCTION
999
_c
31407
_d
31407